000
00254nam a2200097Ia 4500
008
200608s9999 xx 000 0 und d
082
_a
338.72
_b
MIS.P
100
_a
MISHRA R K
245
0
_a
PRIVATIZATION: Models and experiences / MISHRA R K
942
_c
BK
_2
DDC
999
_c
6180
_d
6180